Statistiques concernant Villes d'Afrique - Carte Quiz

Cliquez ici pour prendre le quiz!

Statistiques générales

  • Ce quiz a été pris 14 361 fois
  • Le résultat moyen est 17 sur 28

Réponses sur la Carte

Les réponses sont colorées sur une échelle allant du rouge au vert en fonction du pourcentage des utilisateurs qui les ont devinées à leur premier essai. Vous pouvez retrouver ces pourcentages ci-dessous.
 

Statistiques - réponses

Réponse% Correct
Le Caire
91%
Alger
89%
Tunis
85%
Casablanca
84%
Dakar
78%
Johannesbourg
78%
Le Cap
77%
Djibouti
73%
Tripoli
73%
Kinshasa
70%
Antananarivo
66%
Abidjan
61%
Louxor
60%
Nairobi
60%
Lagos
59%
Addis Abeba
57%
Khartoum
56%
Tombouctou
51%
Luanda
47%
Mogadiscio
47%
N'Djamena
44%
Niamey
43%
Dar es Salam
42%
Kampala
39%
Abuja
38%
Monrovia
37%
Lusaka
36%
Mombasa
28%

Distribution des résultats

Percentile par nombre de réponses

% des personnes avec chaque résultat

Votre développement - résultats

Vous n’avez pas pris ce quiz